000 00797cam a22002651 4500
999 _c329155
_d329155
001 10305438
003 Nust
005 20170425132316.0
008 750528s1961 nyu 000 0 eng
010 _a 61008612
015 _aGB61-13069
035 _a(OCoLC)1357061
040 _aDLC
_cFO
_dOCoLC
_dUk
_dDLC
042 _apremarc
050 0 0 _aP361
_b.P38 1961
082 _a413 PEI
100 1 _aPei, Mario,
_d1901-1978.
245 1 0 _aTalking your way around the world.
260 _aNew York,
_bHarper
_c[1961]
300 _a216 p.
_c22 cm.
500 _aH.B
650 0 _aPolyglot glossaries, phrase books, etc.
650 0 _aLanguage and languages.
906 _a7
_bcbc
_coclcrpl
_du
_encip
_f19
_gy-gencatlg
942 _2ddc
_cBK
_k413 PEI